| 000 | 00570ntaaa2200205 4500 | ||
|---|---|---|---|
| 003 | 01 | ||
| 005 | 20251027203045.0 | ||
| 008 | 0714s1973 ag 01 | ||
| 040 |
_aAR-BaBN _bspa _cAR-BaBN _eaacr _dRIC |
||
| 082 | _a982.0000 L98q | ||
| 245 | _aLa aventura del Río de la Plata | ||
| 250 | _a1 ed. | ||
| 260 |
_aBuenos Aires : _bEditorial Abril, _c1988 |
||
| 300 |
_a128 p. ; _c19 cm |
||
| 500 | _aCircula gratuitamente con la revista Siete Dias | ||
| 650 | _aArgentina--Historia | ||
| 650 |
_aRío de la Plata--Historia _931731 |
||
| 700 | _aLuna, Felix | ||
| 942 | _cBK | ||
| 999 |
_c25927 _d25927 |
||